00357nam a2200169Ia 4500008004100000041000800041100001000049245003600059250000800095260001500103300000800118365001200126500000900138520001200147650000900159999001900168230605s9999 xx 000 0 und d aeng asingh aHospitality sales and marketing a1st bAmay pub.  a288 b585h10 a2131 aGeneral aM.M. c419263d419263